Every SEC Team and Nickname - Statistics

General Stats
  • This quiz has been taken 13 times
  • The average score is 24 of 28
Answer Stats
Answer % Correct
LSU
100%
Mississippi State
100%
Alabama
92%
Auburn
92%
Crimson Tide
92%
Florida
92%
Georgia
92%
Ole Miss
92%
Tennessee
92%
Tigers
92%
Tigers
92%
Tigers
92%
Arkansas
85%
Bulldogs
85%
Bulldogs
85%
Gamecocks
85%
Gators
85%
Razorbacks
85%
South Carolina
85%
Kentucky
77%
Texas A&M
77%
Volunteers
77%
Wildcats
77%
Aggies
69%
Missouri
69%
Rebels
69%
Vanderbilt
69%
Commodores
62%
No matching quizzes found
Score Distribution
Percent of People with Each Score
Percentile by Number Answered
Your Score History
You have not taken this quiz